Normal view
MARC view
- Sanjosé Román, Elena
Entry Nombre personal
001 - NÚMERO DE CONTROL
- campo de control: 11192
003 - IDENTIFICADOR DE NÚMERO DE CONTROL
- campo de control: DLC
005 - FECHA Y HORA DE LA ÚLTIMA TRANSACCIÓN
- campo de control: 20230629140804.0
008 - ELEMENTOS DE DATO DE LONGITUD-FIJA
- campo de control de longitud fija: 140404n| azannaabn |a aaa c
010 ## - NÚMERO DE CONTROL DE LA BIBLIOTECA DEL CONGRESO
- Número de control de LC: ns2014001411
035 ## - NÚMERO DE CONTROL DEL SISTEMA
- Número de control de sistema: (CaEvSKY)skya10443106
040 ## - FUENTE DE CATALOGACIÓN
- Centro catalogador/agencia de origen: MX-SlUA
- Lengua de catalogación: eng
- Normas de descripción: rda
- Centro/agencia transcriptor: MX-SlUA
100 1# - ENCABEZAMIENTO-NOMBRE DE PERSONA
- Nombre de persona: Sanjosé Román, Elena
374 ## - OCUPACIÓN
- Ocupación: Translators
- Fuente del término: lcsh
375 ## - GÉNERO/SEXO
- Género: female
377 ## - IDIOMA ASOCIADO
- Código del idioma: spa
400 1# - TRAZADO DE VÉASE--NOMBRE DE PERSONA
- Nombre de persona: Román, Elena Sanjosé
670 ## - FUENTE DE DATOS ENCONTRADOS
- Cita de la fuente: Ecología, ©2007:
- Información encontrada: title page (Traducción Elena Sanjosé Román)